Inside machines

Bibliographic Details
Main Author: Oxlade, Chris
Corporate Author: Title
Format: Book
Published: India : Euro Books , 2005, 2007
Series:Disney children's encyclopedia
Subjects:

MARC

LEADER 00000cam a2200000 7i4500
001 0000004562
005 20180814.0
008 070730
020 |a 8128616020 
020 |a 9788128616020 
090 0 0 |a JF   |b ENC ENG 
100 1 |a Oxlade, Chris 
245 1 0 |a Inside machines   |c Chris Oxlade 
260 |a India :   |b Euro Books ,   |c 2005, 2007 
440 0 |a Disney children's encyclopedia 
500 |a Children ages 7-9 years old (orange) 
650 0 |a Encylopedia   |x English   |x Languages 
710 0 |a Title 
999 |a 0001069363   |b Book   |c Children Collection   |e Cawangan Segamat 
999 |a 0001069387   |b Book   |c REFERENCE   |e Cawangan Segamat 
999 |a 0001069612   |b Book   |c Children Collection   |e Cawangan Segamat 
999 |a 0001069627   |b Book   |c Children Collection   |e Cawangan Pontian 
999 |a 0001142905   |b Book   |c REFERENCE   |e Cawangan Mersing 
999 |a 0001142906   |b Book   |c REFERENCE   |e Perbadanan Perpustakaan Awam Johor 
999 |a 0001142907   |b Book   |c REFERENCE   |e Cawangan Bukit Gambir 
999 |a 0001227460   |b Book   |c Children Collection   |e Cawangan AEON Kulaijaya